[Event "North American-ch U20"]
[Site "Dulles"]
[Date "2023.12.23"]
[Round "9"]
[White "Joseph, Jonath"]
[Black "Doknjas, Neil"]
[Result "0-1"]
[WhiteElo "1975"]
[BlackElo "2255"]
[PlyCount "104"]
[EventDate "2023.12.19"]
[EventType "swiss"]
[EventRounds "9"]
[EventCountry "USA"]
[SourceTitle "CB52_2023"]
[SourceDate "2023.12.27"]
[SourceVersion "1"]
[SourceVersionDate "2023.12.27"]
[SourceQuality "1"]

1. e4 c6 2. Nf3 d5 3. Nc3 Bg4 4. h3 Bxf3 5. Qxf3 e6 6. Be2 Bc5 7. 0-0 Ne7 8. Na4 Bd6 9. d4 dxe4 10. Qxe4 Qa5 11. Nc3 Nd7 12. Qf3 Nf6 13. Ne4 Nxe4 14. Qxe4 Rd8 15. Rd1 Rd7 16. c4 0-0 17. Bd2 Qd8 18. Bf4 Bxf4 19. Qxf4 Nf5 20. d5 cxd5 21. cxd5 Rxd5 22. Bf3 Nd4 23. Kh1 e5 24. Qe4 Rd7 25. Be2 Qe7 26. Re1 g6 27. Bc4 Nc6 28. Bd5 Nb4 29. Bc4 Qc5 30. Qe2 Nc6 31. Rac1 Qb6 32. b3 Rfd8 33. Qf3 Kg7 34. g4 f6 35. Kg2 Rd2 36. g5 f5 37. a4 Nd4 38. a5 Nxf3 39. axb6 Nxe1+ 40. Rxe1 e4 41. bxa7 Ra2 42. Kg3 Rxa7 43. f3 Re8 44. fxe4 fxe4 45. Kf4 Ra5 46. Rd1 Rf5+ 47. Kg4 h5+ 48. Kh4 Re7 49. b4 e3 50. Be2 Rf2 51. Re1 Re4+ 52. Kg3 h4# 0-1

[Event "North American-ch U20"]
[Site "Dulles"]
[Date "2023.12.21"]
[Round "5"]
[White "Joseph, Jonath"]
[Black "Ladan, Nicholas John"]
[Result "1/2-1/2"]
[WhiteElo "1975"]
[BlackElo "2254"]
[PlyCount "44"]
[EventDate "2023.12.19"]
[EventType "swiss"]
[EventRounds "9"]
[EventCountry "USA"]
[SourceTitle "CB52_2023"]
[SourceDate "2023.12.27"]
[SourceVersion "1"]
[SourceVersionDate "2023.12.27"]
[SourceQuality "1"]

1. e4 e5 2. Nc3 Nc6 3. Bc4 Nf6 4. d3 Bc5 5. f4 0-0 6. Nf3 exf4 7. Bxf4 d6 8. Bg5 Be6 9. Bb3 h6 10. Bh4 Nd4 11. Rf1 Re8 12. Nxd4 Bxd4 13. Ne2 Bxb2 14. Rb1 Bd5 15. Bc4 Bxc4 16. Rxb2 Be6 17. Bxf6 gxf6 18. Qd2 Kh7 19. Rf4 Rg8 20. Ng3 Rg5 21. Qf2 c6 22. Rxf6 Qa5+ 1/2-1/2

[Event "North American-ch U20"]
[Site "Dulles"]
[Date "2023.12.21"]
[Round "6"]
[White "Joseph, Jonath"]
[Black "Sriniaiyer, Sudarshan"]
[Result "1-0"]
[WhiteElo "1975"]
[BlackElo "2142"]
[PlyCount "58"]
[EventDate "2023.12.19"]
[EventType "swiss"]
[EventRounds "9"]
[EventCountry "USA"]
[SourceTitle "CB52_2023"]
[SourceDate "2023.12.27"]
[SourceVersion "1"]
[SourceVersionDate "2023.12.27"]
[SourceQuality "1"]

1. e4 c5 2. Nf3 d6 3. d4 cxd4 4. Qxd4 a6 5. Be2 Nc6 6. Qe3 g6 7. h3 Bg7 8. c4 Nf6 9. Nc3 0-0 10. 0-0 Qc7 11. Rb1 Bd7 12. b3 Rab8 13. Bb2 Rfc8 14. Rfd1 Na5 15. Nd5 Nxd5 16. exd5 Bf5 17. Bxg7 Bxb1 18. Bd4 b5 19. Rxb1 bxc4 20. Rc1 Qd8 21. bxc4 Nb7 22. Ng5 Qd7 23. Bg4 f5 24. Ne6 Rf8 25. Nxf8 Rxf8 26. Bf3 Nd8 27. Re1 Rf7 28. Bc3 Kf8 29. Qd4 Rf6 1-0

[Event "North American-ch U20"]
[Site "Dulles"]
[Date "2023.12.20"]
[Round "4"]
[White "Xu, Daniel"]
[Black "Joseph, Jonath"]
[Result "1-0"]
[WhiteElo "2255"]
[BlackElo "1975"]
[PlyCount "112"]
[EventDate "2023.12.19"]
[EventType "swiss"]
[EventRounds "9"]
[EventCountry "USA"]
[SourceTitle "CB52_2023"]
[SourceDate "2023.12.27"]
[SourceVersion "1"]
[SourceVersionDate "2023.12.27"]
[SourceQuality "1"]

1. e4 e5 2. Nf3 Nc6 3. Bb5 a6 4. Ba4 d6 5. 0-0 Bd7 6. c3 g6 7. d4 Bg7 8. Re1 h6 9. h3 Nf6 10. Nbd2 0-0 11. Nf1 Re8 12. Ng3 Nh7 13. Be3 b5 14. Bc2 Ne7 15. Qd2 g5 16. h4 g4 17. Nh2 Nc6 18. h5 Qf6 19. d5 Na5 20. b3 Kh8 21. Bd1 Qh4 22. Bxh6 Rg8 23. Be3 Bf8 24. c4 Nb7 25. Rc1 Rc8 26. b4 bxc4 27. Rxc4 c5 28. dxc6 Rxc6 29. Be2 Rxc4 30. Bxc4 Nd8 31. Bxa6 Nf6 32. Nhf1 d5 33. exd5 Nxh5 34. Bd3 Nf6 35. Bf5 Bb5 36. Qb2 Bg7 37. Qb3 Nb7 38. a4 Bxf1 39. Rxf1 Nd6 40. b5 Nh5 41. Bc5 Bf8 42. Bxd6 Bxd6 43. Be4 Bc5 44. Nxh5 Qxh5 45. Qg3 Kg7 46. Qh2 Qg5 47. Qh7+ Kf8 48. g3 Ke7 49. a5 Rb8 50. b6 Qf6 51. d6+ Bxd6 52. a6 Rh8 53. Qxh8 Qxh8 54. a7 Bc5 55. a8Q Qh3 56. Qb7+ Kf8 1-0

[Event "Toronto Excelsior op"]
[Site "Toronto"]
[Date "2023.09.09"]
[Round "6"]
[White "Joseph, Jonath"]
[Black "Singh Dhaliwal, Jaipreet"]
[Result "1-0"]
[WhiteElo "1896"]
[BlackElo "1898"]
[PlyCount "143"]
[EventDate "2023.09.06"]
[EventType "swiss"]
[EventRounds "9"]
[EventCountry "CAN"]
[SourceTitle "EXT 2024"]
[Source "ChessBase"]
[SourceDate "2023.10.10"]
[SourceVersion "1"]
[SourceVersionDate "2023.10.10"]
[SourceQuality "1"]

1. e4 c5 2. Nf3 d6 3. c3 Nf6 4. Be2 Bd7 5. d3 g6 6. 0-0 Bg7 7. Re1 0-0 8. Bf1 e5 9. d4 cxd4 10. cxd4 exd4 11. Nxd4 Qb6 12. Nb3 Bc6 13. Nc3 Re8 14. Be3 Qd8 15. f3 d5 16. Bd3 dxe4 17. fxe4 Nbd7 18. Bg5 Ne5 19. Bf1 Qc7 20. Bxf6 Bxf6 21. Rc1 Qb6+ 22. Kh1 Rad8 23. Nd5 Bxd5 24. exd5 h5 25. Be2 Bg5 26. Rc3 Qd6 27. Nc5 Qb8 28. Ne4 Be7 29. d6 Rxd6 30. Nxd6 Bxd6 31. Rh3 Bf8 32. Rf1 Bg7 33. Qb3 Re7 34. Bf3 b6 35. Qd5 Rd7 36. Qb3 Rd3 37. Qc2 Qd8 38. Rd1 Rxd1+ 39. Qxd1 Qc7 40. Be2 Qc5 41. Rc3 Qf2 42. h3 Qf6 43. Rc7 a5 44. b3 Kh7 45. Rb7 Qf2 46. Qf1 Qe3 47. Bc4 Kh6 48. Re7 Qc5 49. Rb7 Qe3 50. Qg1 Qxg1+ 51. Kxg1 Nxc4 52. bxc4 Bd4+ 53. Kf1 f6 54. Ke2 Kg5 55. Kd3 Bg1 56. Ke4 Kh4 57. Rg7 g5 58. Kf3 f5 59. g4 Kxh3 60. gxh5 g4+ 61. Ke2 Bd4 62. Rd7 Bh8 63. Rd8 Be5 64. Rd5 f4 65. Rxe5 Kg2 66. Rf5 f3+ 67. Ke3 a4 68. h6 b5 69. h7 bxc4 70. h8Q a3 71. Qh4 g3 72. Rxf3 1-0

[Event "Toronto Excelsior op"]
[Site "Toronto"]
[Date "2023.09.09"]
[Round "7"]
[White "Park, Haneul"]
[Black "Joseph, Jonath"]
[Result "1/2-1/2"]
[WhiteElo "1405"]
[BlackElo "1896"]
[PlyCount "92"]
[EventDate "2023.09.06"]
[EventType "swiss"]
[EventRounds "9"]
[EventCountry "CAN"]
[SourceTitle "EXT 2024"]
[Source "ChessBase"]
[SourceDate "2023.10.10"]
[SourceVersion "1"]
[SourceVersionDate "2023.10.10"]
[SourceQuality "1"]

1. d4 Nf6 2. c4 e6 3. Nf3 d5 4. Nc3 c6 5. e3 Nbd7 6. Qc2 Bd6 7. Bd3 0-0 8. 0-0 dxc4 9. Bxc4 b5 10. Bd3 Bb7 11. e4 e5 12. h3 Re8 13. dxe5 Nxe5 14. Nxe5 Bxe5 15. Be3 Qe7 16. Ne2 Bc7 17. Bc5 Qe5 18. f4 Qxc5+ 19. Qxc5 Bb6 20. Qxb6 axb6 21. Ng3 Red8 22. Rfd1 b4 23. Nf5 g6 24. e5 gxf5 25. exf6 Bc8 26. Be4 Be6 27. Bxc6 Rac8 28. Bb7 Rb8 29. a3 b3 30. Rac1 h6 31. Bf3 Rbc8 32. Rxc8 Rxc8 33. Bd5 Rc2 34. Bxe6 fxe6 35. Rd6 Kf7 36. Rxb6 Rxb2 37. a4 Ra2 38. Rxb3 Rxa4 39. Rf3 Kxf6 40. Kh2 Re4 41. Rf2 h5 42. Rf3 h4 43. Rf2 Kg6 44. Rf3 Kf6 45. Rf2 Kg6 46. Rf3 Kf6 1/2-1/2

[Event "Toronto Excelsior op"]
[Site "Toronto"]
[Date "2023.04.23"]
[Round "4"]
[White "Joseph, Jonath"]
[Black "Mao, Fengxi"]
[Result "0-1"]
[WhiteElo "1621"]
[BlackElo "2129"]
[PlyCount "138"]
[EventDate "2023.04.21"]
[EventType "swiss"]
[EventRounds "5"]
[EventCountry "CAN"]
[SourceTitle "CBM 213 Extra"]
[Source "ChessBase"]
[SourceDate "2023.05.31"]
[SourceVersion "1"]
[SourceVersionDate "2023.05.31"]
[SourceQuality "1"]

1. e4 a6 2. Nc3 h6 3. a4 e6 4. Qf3 Nc6 5. Qg3 Nb4 6. Bd3 d5 7. exd5 exd5 8. Nf3 Qd6 9. 0-0 Qxg3 10. hxg3 Bd6 11. b3 Nxd3 12. cxd3 Ne7 13. Bb2 Bf5 14. Rfe1 0-0-0 15. d4 f6 16. Rac1 Rhe8 17. Nd1 Nc6 18. Ne3 Be6 19. Bc3 Kd7 20. Nh4 h5 21. Ng6 Bf7 22. Nf4 Bxf4 23. gxf4 Re4 24. d3 Re6 25. Nf5 Rg8 26. b4 b6 27. Bd2 Rxe1+ 28. Bxe1 Nd8 29. Bd2 Ne6 30. Be3 Bg6 31. Ng3 h4 32. f5 Nf8 33. Bf4 c6 34. fxg6 hxg3 35. b5 axb5 36. axb5 gxf2+ 37. Kxf2 cxb5 38. Rc7+ Ke6 39. Rc6+ Kf5 40. Kf3 Rh8 41. g4+ Kxg6 42. Rxb6 Rh1 43. Rxb5 Rf1+ 44. Kg3 Ne6 45. Be3 Rd1 46. Rxd5 Rxd3 47. Kf2 Nc7 48. Rc5 Ne6 49. Rd5 Ra3 50. Rd7 Nf8 51. Re7 Nh7 52. d5 Ra5 53. Rd7 Nf8 54. Rd8 Kf7 55. Bd2 Ra2 56. Ke3 Ra3+ 57. Ke2 Ng6 58. Bb4 Ra4 59. Rb8 Nf4+ 60. Kf3 Nxd5 61. Bd2 Rd4 62. Bc1 Rd1 63. Ba3 Rd3+ 64. Ke4 Rxa3 65. Kxd5 Re3 66. Rb4 Kg6 67. Kd4 Rg3 68. Rb8 Rxg4+ 69. Ke3 Ra4 0-1

[Event "Toronto Excelsior op"]
[Site "Toronto"]
[Date "2023.04.23"]
[Round "5"]
[White "Wang, Andy Zixin"]
[Black "Joseph, Jonath"]
[Result "1/2-1/2"]
[WhiteElo "1625"]
[BlackElo "1621"]
[PlyCount "88"]
[EventDate "2023.04.21"]
[EventType "swiss"]
[EventRounds "5"]
[EventCountry "CAN"]
[SourceTitle "CBM 213 Extra"]
[Source "ChessBase"]
[SourceDate "2023.05.31"]
[SourceVersion "1"]
[SourceVersionDate "2023.05.31"]
[SourceQuality "1"]

1. e4 e6 2. d4 d5 3. Nc3 Nf6 4. Bg5 Be7 5. e5 Nfd7 6. Bxe7 Qxe7 7. f4 a6 8. Nf3 c5 9. Qd2 Nc6 10. dxc5 Nxc5 11. Bd3 f6 12. 0-0 0-0 13. Ne2 Bd7 14. Ned4 Be8 15. h3 Nxd3 16. cxd3 fxe5 17. Nxc6 Bxc6 18. Nxe5 d4 19. Nxc6 bxc6 20. Rac1 c5 21. b3 Qd6 22. Rce1 Rf6 23. Re4 Raf8 24. Qe2 Kh8 25. Re1 Qc7 26. Rxe6 Rxe6 27. Qxe6 Qxf4 28. Qe2 Qg3 29. Rf1 Rxf1+ 30. Kxf1 Qf4+ 31. Kg1 h6 32. Qf2 Qg5 33. Qe2 Qc1+ 34. Kh2 Qf4+ 35. g3 Qf5 36. g4 Qf4+ 37. Kg2 Qg5 38. Qe8+ Kh7 39. Qe4+ Kh8 40. Qa8+ Kh7 41. Qe4+ Kh8 42. Kf3 Qc1 43. Qa8+ Kh7 44. Qe4+ Kh8 1/2-1/2

[Event "Las Americas op U1800 Hybrid"]
[Site "Internet"]
[Date "2022.06.04"]
[Round "5.25"]
[White "Joseph, Jonath"]
[Black "Cabeza Marquez, Josue Alejandro"]
[Result "0-1"]
[WhiteElo "1391"]
[BlackElo "1572"]
[PlyCount "110"]
[EventDate "2022.06.04"]
[EventType "swiss"]
[EventRounds "6"]
[EventCountry "VEN"]
[SourceTitle "EXT 2024"]
[Source "ChessBase"]
[SourceDate "2023.10.10"]
[SourceVersion "1"]
[SourceVersionDate "2023.10.10"]
[SourceQuality "1"]

1. e4 c5 2. Nc3 Nc6 3. Nf3 g6 4. d4 cxd4 5. Nxd4 Bg7 6. Nxc6 bxc6 7. Bd3 d6 8. 0-0 Nf6 9. h3 Rb8 10. f4 0-0 11. Bc4 e6 12. Qf3 d5 13. Bd3 dxe4 14. Nxe4 Nd5 15. Qg3 Ba6 16. Bxa6 Qb6+ 17. Kh1 Qxa6 18. Qf2 Rfd8 19. g4 Rb4 20. Nc5 Qb6 21. Nd3 Qxf2 22. Rxf2 Rbb8 23. f5 Nb4 24. fxe6 fxe6 25. Nxb4 Rxb4 26. Bg5 Rd5 27. Be3 Rxb2 28. c4 Rxf2 29. Bxf2 Bxa1 30. cxd5 exd5 31. Bxa7 Kf7 32. a4 Ke6 33. a5 Kd7 34. Bc5 Kc7 35. a6 Bc3 36. Kg2 Ba5 37. a7 Kb7 38. Kf3 Bc7 39. h4 h5 40. g5 Be5 41. Bb6 Bd6 42. Kf2 c5 43. Kf3 c4 44. Bf2 Be5 45. Bc5 c3 46. Ke2 Bg3 47. Kd3 Bxh4 48. Kxc3 Bxg5 49. Kd4 h4 50. Kxd5 h3 51. Bd6 Be3 52. Ke6 g5 53. Kf5 Bf4 54. Kg4 Bxd6 55. Kxh3 Kxa7 0-1